| 000 | 00862nas a2200301 4500 | ||
|---|---|---|---|
| 001 | BR0704788 | ||
| 003 | BR-BrBNA | ||
| 005 | 20231205110934.0 | ||
| 007 | ta | ||
| 008 | 230509b bl.|||p| |||| 00| 00por d | ||
| 040 |
_aBR-BrBNA _bpor _cBiblioteca Nacional de Agricultura |
||
| 041 | _a(En) | ||
| 072 | _aF04 | ||
| 100 | 1 | _aBalkcom, K.S. | |
| 100 | 1 | _aWood, C.W. | |
| 100 | 1 | _aAdams, J.F. | |
| 100 | 1 | _aMeso, B. | |
| 245 | 1 | _aSuitability of peanut residue as a nitrogen source for a rye cover crop | |
| 650 | _aCENTEIO | ||
| 650 | _aFERTILIZANTE NITROGENADO | ||
| 650 | _aRESÍDUO | ||
| 650 | _aRESTO DE CULTURA | ||
| 650 | _aAMENDOIM | ||
| 650 | _aMINERALIZAÇÃO | ||
| 773 | 0 |
_tScientia Agricola (Brazil) _xISSN 0103-9016 _g(Mar-Apr 2007), V. 64(2) p. 181-186 _wBR0704788 |
|
| 909 |
_a202311 _bLúcia _c55 _dLúcia Elande |
||
| 942 |
_2AGRIS _n0 _cANA |
||
| 999 |
_c189851 _d189851 |
||